Music Quiz

Random Music or Kpop Quiz

Guess the BTS song based on the outfits Quiz Stats

 Plays Quiz not verified by Sporcle

Score 0/26 Timer 10:00
1 Play Today
% Correct
Dope
76.7%
DNA
75.3%
MIC Drop
73.7%
No More Dream
71.5%
War Of Hormone
71.3%
Fire
71%
N.O
65.8%
Spring Day
64.5%
Run
64%
Go Go
63.7%
Danger
62.2%
Just One Day
61.1%
Save Me
58.2%
% Correct
Butterfly
53.4%
Blood Sweat & Tears
51.1%
I Need U
47.1%
Not Today
43.3%
Boy In Luv
43.1%
Perfect Man
39.8%
Am I Wrong
39.4%
21st Century Girls
39.4%
Rainism
34.8%
Boyz With Fun
31.6%
Converse High
25.9%
Attack On Bangtan
25.8%
As I Told You
19.2%

You're not logged in!

Compare scores with friends on all Sporcle quizzes.
OR
Log In

Show Comments

Extras

Top Quizzes Today


Score Distribution

Your Account Isn't Verified!

In order to create a playlist on Sporcle, you need to verify the email address you used during registration. Go to your Sporcle Settings to finish the process.

Report this User

Report this user for behavior that violates our Community Guidelines.

Details: